000 01165nam a22002177a 4500
001 4377
003 FISKH
005 20240816110521.0
008 240816b cb ||||| |||| 00| 0 eng d
040 _aFISKH
_beng
_cFISKH
_dFISKH
050 _aPS3503.R167
082 _a813.54
100 _aBradbury, Ray
245 _aFahrenheit /
_cBy Ray Bradbury
260 _aPhnom Penh :
_bFootprints International School,
_c2024.
300 _a275 pages ;
_c21 cm
520 _aThe system was simple. Everyone understood it. Books were for burning, along with the houses in which they were hidden. Guy Montag was a fireman whose job it was to start fires. And he enjoyed his job. He had been a fireman for ten years, and he had never questioned the pleasure of the midnight runs or the joy of watching pages consumed by flames, never questioned anything until he met a seventeen-year-old girl who told him of a past when people were not afraid. Then Guy met a professor who told him of a future in which people could think. And Guy Montag suddenly realized what he had to do.
650 _aAmerican literature
_vdystopian
942 _2ddc
_cBK
_n0
999 _c4377
_d4377